MALAYSIAN rubber mission to Myanmar : 22 - 25 October 2002

Bibliographic Details
Corporate Author: Lembaga Getah Malaysia
Format: Book
Published: Kuala Lumpur : Malaysian Rubber Board , 2003
Series:Malaysian Rubber Board monograph ; no.12
Subjects:

MARC

LEADER 00000cam a2200000 7i4500
001 0000002609
005 20030827.0
020 0 0 |a 9832088119 
090 0 0 |a 338.173895209591   |b MAL 2003 
245 0 0 |a MALAYSIAN rubber mission to Myanmar :   |b 22 - 25 October 2002 
260 0 0 |a Kuala Lumpur :   |b Malaysian Rubber Board ,   |c 2003 
300 |a 25 p. :   |b col. ill. ;   |c 23 cm. 
440 0 0 |a Malaysian Rubber Board monograph ; no.12 
650 0 0 |a Rubber industry and trade   |z Malaysia 
650 0 0 |a Rubber industry and trade   |z Myanmar 
710 1 1 |a Lembaga Getah Malaysia 
998 |a JPSM 
999 |a 0000003766   |b Monograph   |c Open Shelf   |e Default branch 
999 |a 0000004688   |b Monograph   |c Open Shelf   |e Default branch